Trochu terminológie: životné udalosti, stresové situácie, náročne životné situácie a ich zvládanie, resp. stratégie riešenia.

Stresové situácie, životné udalosti v psychológii všeobecné a v sociálnej psychológii kladú otázky vyrovnávania sa so zložitými situáciami.

Bibliographic Details
Main Author: Výrost, Jozef, 1951- (Author)
Format: Article
Language:Slovak
Subjects:

MARC

LEADER 00000cab a2200000 a 4500
001 vtls001502049
003 SK-MaSNL
005 20260304102726.0
008 140619s1997 xo 000 b0slo
035 |a SPKCL4689 
040 |a SPKCL  |b slo  |c SNKBUCL  |d VÚDPaP(JŠ)  |e AACR2 
041 0 |a slo 
044 |a xo  |c SK 
080 |a 159.942.5:316.6  |2 1981 
100 1 |a Výrost, Jozef,  |d 1951-  |4 aut  |9 186819 
245 1 0 |a Trochu terminológie: životné udalosti, stresové situácie, náročne životné situácie a ich zvládanie, resp. stratégie riešenia.  |c Jozef Výrost 
520 |a Stresové situácie, životné udalosti v psychológii všeobecné a v sociálnej psychológii kladú otázky vyrovnávania sa so zložitými situáciami. 
650 0 7 |a zvládanie  |2 SNKPH  |9 521617 
650 0 7 |a coping  |2 SNKPH  |9 1132378 
650 0 7 |a sociálna psychológia  |2 SNKPH  |9 1007 
655 7 |a články  |2 SNKPH  |9 70601 
773 1 |t Psychológia a patopsychológia dieťaťa  |g Roč. 32, č. 2 (1997) s. 140-143 
850 |a Slovenská pedagogická knižnica Bratislava 
852 |a SPKCL  |b KIS3GCP  |b 000710000  |n SK 
999 |c 2846331  |d 2848261